CITES 2000 (Registro nro. 3572)

Detalles MARC
000 -CABECERA
Campo de control 00972nam a2200277 a 4500
005 - FECHA Y HORA DE LA ULTIMA TRANSACCION
Campo de control 20191224041708.0
008 - ELEMENTOS DE LONGITUD FIJA—INFORMACION GENERAL
Campo de control 140312b2000 it ||||fr|||| 00| 0 eng d
040 ## - FUENTE DE CATALOGACIÓN
Agencia catalogadora original CO-BoIAVH
Agencia transcriptora CO-BoIAVH
041 ## - IDIOMA
Código de idioma para texto/pista de sonido o título separado Inglés
044 ## - PAÍS DE PUBLICACIÓN
País de publicación Italia
082 ## - NUMERO DE CLASIFICACION DECIMAL DEWEY
Número de clasificación 333.9522
Número del ítem U58c
090 ## - CLASIFICACIÓN LOCAL
Colección LB
Consecutivo 03345
110 2# - ASIENTO PRINCIPAL--NOMBRE CORPORATIVO
Unidad subordinad United Nations Environment Programme
9 (RLIN) 8871
245 1# - MENCION DE TITULO
Título CITES 2000
Parte restante del título meeting of the Conference of the parties Convention on International Trade in Endangered Species, 10-20 April 2000, Gigiri, Nairobi, Kenya
260 ## - PUBLICACION, DISTRIBUCION, ETC. (PIE DE IMPRENTA)
Lugar de publicación, distribución, etc. Geneva
Nombre del editor, distribuidor, etc. UNEP, CITES
Fecha de publicación, distribución, etc. 2000
300 ## - DESCRIPCION FISICA
Extensión 16 paginas.
Dimensiones 29 x 21 cm
650 #6 - ASIENTO SECUNDARIO DE MATERIA - TERMINO TEMATICO
Término temático o nombre geográfico como elemento de entrada Especies en peligro de extinción
9 (RLIN) 255
650 #6 - ASIENTO SECUNDARIO DE MATERIA - TERMINO TEMATICO
Término temático o nombre geográfico como elemento de entrada Mamiferos
9 (RLIN) 51152
650 #6 - ASIENTO SECUNDARIO DE MATERIA - TERMINO TEMATICO
Término temático o nombre geográfico como elemento de entrada Plantas
9 (RLIN) 92294
650 #6 - ASIENTO SECUNDARIO DE MATERIA - TERMINO TEMATICO
Término temático o nombre geográfico como elemento de entrada Reptiles
9 (RLIN) 51154
650 #6 - ASIENTO SECUNDARIO DE MATERIA - TERMINO TEMATICO
Término temático o nombre geográfico como elemento de entrada Pescado
9 (RLIN) 51155
650 #6 - ASIENTO SECUNDARIO DE MATERIA - TERMINO TEMATICO
Término temático o nombre geográfico como elemento de entrada Artropodos
9 (RLIN) 2658
710 ## - ASIENTO SECUNDARIO - NOMBRE CORPORATIVO
Nombre corporativo o de jurisdicción como elemento de entrada ^aSecretariat of the Convention on International Trade in Endangered Species of Wild Fauna and Flora
9 (RLIN) 20401
942 ## - ELEMENTOS ADICIONALES (KOHA)
Tipo de ítem Libro
Sistema de clasificación Dewey Decimal Classification
945 ## - PROCESAMIENTO LOCAL
AAAA-MM-DD - Fecha de ingreso o modificacion 2004-01-23
Existencias
Withdrawn status Lost status Sistema de Clasificación Damaged status No para préstamo Colección Inventariado Ubicación Permanente Ubicación actual Fecha de adquisición Fuente de Valor Valor Total Checkouts Número topográfico Inventario / Código de Barras Date last seen Ejemplar Price effective from Forma de adquisición Tipo de material
    Dewey Decimal Classification     General Inventariado 2017 Bogotá Bogotá 23/01/2004 Instituto 30000.00   LB-333.9522 U58c 015174 04/12/2012 Ej. 1 04/12/2012   Libro